Personnages Disney (images) - Statistiques

Statistiques générales
  • Ce quiz a été pris 1 665 fois
  • Le résultat moyen est 26 sur 32
Statistiques - réponses
Par images Réponse % Correct
Cendrillon
99%
Bambi
98%
Ariel
97%
Belle
97%
Blanche-Neige
97%
Donald
97%
Olaf
97%
Dumbo
96%
Peter Pan
96%
Pinocchio
96%
Raiponce
96%
Winnie
96%
Cruella
95%
Alice
93%
Clochette
92%
Dingo
89%
Nala
88%
Pluto
87%
Porcinet
86%
Tiana
85%
Mufasa
83%
Rox
81%
Ursula
80%
Polochon
78%
Rouky
70%
Marie
66%
Lady
52%
John Smith
45%
Perdita
40%
Coco Lapin
39%
Koda
39%
Meeko
26%
Aucun quiz correspondant
Distribution des résultats
% des personnes avec chaque résultat
Percentile par nombre de réponses
Votre historique - résultats
Vous n’avez pas pris ce quiz